| 000 | 00457nam a2200121Ia 4500 | ||
|---|---|---|---|
| 008 | 160712s9999 xx 000 0 und d | ||
| 100 | _aGarcia, J. Neil. | ||
| 245 |
_cJ. Neil Garcia _aThe Spirit (Not the Letter) of the Word: Poetry, Myth, and Spirituality |
||
| 260 |
_c2015 _bLikhaan: The Journal of Contemporary Philippine Literature |
||
| 300 | _avol. 9 | ||
| 650 | _xCRITICISM | ||
| 856 | _uhttp://journals.upd.edu.ph/index.php/lik/issue/view/539/showToc | ||
| 999 |
_c297002 _d297002 |
||